[Event "Mondariz zt 1.1"]
[Site "Mondariz"]
[Date "2000.09.05"]
[Round "3"]
[White "Reinaldo Castineira, Roi"]
[Black "Van den Doel, Erik"]
[Result "0-1"]
[WhiteElo "2416"]
[BlackElo "2547"]
[EventDate "2000.09.03"]
[PlyCount "96"]

1.e4 e5 2.Nf3 Nc6 3.d4 exd4 4.Nxd4 Bc5 5.Nxc6 Qf6 6.Qd2 dxc6 7.Nc3 Ne7 8.
Qf4 Qe6 9.Qg5 Bd4 10.Bd3 Qg6 11.O-O Be6 12.Qf4 O-O-O 13.Be3 Kb8 14.Bxd4 
Rxd4 15.Qe3 Rd7 16.Ne2 Qf6 17.f4 Qh6 18.Ng3 f6 19.Rae1 g6 20.f5 Qxe3+ 21.
Rxe3 gxf5 22.exf5 Bxa2 23.Rfe1 Nd5 24.Re8+ Rd8 25.Rxh8 Rxh8 26.Ne4 Rf8 27.
b3 Nb4 28.Bc4 b5 29.Be6 Nxc2 30.Re2 Bb1 31.Nc5 Rd8 32.Nd7+ Kb7 33.Nxf6 Nd4
34.Re5 Bxf5 35.Bxf5 Rf8 36.Nxh7 Rxf5 37.Rxf5 Nxf5 38.g4 Nh4 39.Kf2 a5 40.
Ke2 c5 41.Nf6 Kc6 42.Kd3 Nf3 43.h3 b4 44.Ke3 c4 45.bxc4 a4 46.Kd3 a3 47.
Nd5 Kc5 48.Nc3 a2 0-1

[Event "Mondariz zt 1.1"]
[Site "Mondariz"]
[Date "2000.09.06"]
[Round "4"]
[White "Arlandi, Ennio"]
[Black "Parker, Jonathan"]
[Result "1/2-1/2"]
[WhiteElo "2437"]
[BlackElo "2539"]
[EventDate "2000.09.03"]
[PlyCount "55"]

1.d4 Nf6 2.c4 e6 3.Nc3 d5 4.cxd5 exd5 5.Bg5 c6 6.e3 Be7 7.Qc2 Nbd7 8.Bd3 
Nh5 9.Bxe7 Qxe7 10.Nge2 g6 11.O-O-O Nb6 12.Kb1 Ng7 13.Rhe1 O-O 14.Nf4 Qf6 
15.f3 Re8 16.Qc1 Ne6 17.Nce2 Nxf4 18.Nxf4 Bd7 19.h3 Rac8 20.Ka1 Qd6 21.Bb1
c5 22.dxc5 Rxc5 23.Qd2 Rec8 24.Rc1 Rxc1 25.Rxc1 Rxc1 26.Qxc1 Qe5 27.Bd3 
Bc6 28.Ne2 1/2-1/2

[Event "Mondariz zt 1.1"]
[Site "Mondariz"]
[Date "2000.09.06"]
[Round "4"]
[White "David, Alberto"]
[Black "Ryan, Joseph"]
[Result "1-0"]
[WhiteElo "2487"]
[BlackElo "2291"]
[EventDate "2000.09.03"]
[PlyCount "67"]

1.Nf3 d6 2.e4 Nf6 3.Nc3 c6 4.d4 Bg4 5.h3 Bh5 6.Qe2 e6 7.g4 Bg6 8.h4 h5 9.
g5 Nfd7 10.Bg2 Nb6 11.O-O Be7 12.Ne1 d5 13.Nd3 Bxe4 14.Nxe4 dxe4 15.Qxe4 
g6 16.b3 Na6 17.c4 Nd7 18.Bb2 Rg8 19.d5 Ndc5 20.Nxc5 Nxc5 21.Qe3 Qb6 22.
Bd4 O-O-O 23.a3 e5 24.Bh3+ Kb8 25.Bxe5+ Ka8 26.b4 cxd5 27.Bd4 Rge8 28.bxc5
Qc6 29.Qf3 Bxc5 30.Bxc5 Qxc5 31.cxd5 Qxd5 32.Bg2 Qxf3 33.Bxf3 Rd4 34.Rab1 
1-0

[Event "Mondariz zt 1.1"]
[Site "Mondariz"]
[Date "2000.09.06"]
[Round "4"]
[White "De la Riva Aguado, Oscar"]
[Black "Bauer, Christian"]
[Result "1/2-1/2"]
[WhiteElo "2462"]
[BlackElo "2562"]
[EventDate "2000.09.03"]
[PlyCount "93"]

1.e4 c5 2.Nf3 d6 3.d4 cxd4 4.Nxd4 Nf6 5.Nc3 g6 6.Be3 Bg7 7.f3 Nc6 8.Qd2 
Bd7 9.O-O-O O-O 10.g4 Rc8 11.h4 h5 12.g5 Nh7 13.f4 Re8 14.Be2 Qa5 15.Kb1 
Nf8 16.Nb3 Bxc3 17.Nxa5 Bxd2 18.Bxd2 Nd4 19.Bd3 Bg4 20.Rdf1 b6 21.Nb3 Nf3 
22.Bc3 Ne6 23.f5 Nf4 24.Bb5 Red8 25.Nd4 Nxd4 26.Bxd4 Ne2 27.Bxe2 Bxe2 28.
Re1 Bg4 29.Rhf1 Kh7 30.c3 d5 31.fxg6+ Kxg6 32.exd5 Bh3 33.Rf4 Rxd5 34.Rxe7
Rf5 35.Rxf5 Bxf5+ 36.Kc1 Ra8 37.Kd2 Be6 38.a3 a6 39.Ke3 Kf5 40.a4 b5 41.a5
Rd8 42.b4 Rd7 43.Re8 Bd5 44.Bf6 Rd6 45.Be5 Rd7 46.Bf6 Rd6 47.Be5 1/2-1/2

[Event "Mondariz zt 1.1"]
[Site "Mondariz"]
[Date "2000.09.06"]
[Round "4"]
[White "Hauchard, Arnaud"]
[Black "Conquest, Stuart"]
[Result "1-0"]
[WhiteElo "2539"]
[BlackElo "2529"]
[EventDate "2000.09.03"]
[PlyCount "105"]

1.c4 e5 2.g3 Nf6 3.Bg2 c6 4.Nf3 e4 5.Nd4 d5 6.cxd5 Bc5 7.Nb3 Bb6 8.Nc3 
cxd5 9.d3 O-O 10.dxe4 Nxe4 11.Nxe4 dxe4 12.Qxd8 Rxd8 13.Bxe4 Re8 14.Bg2 
Nc6 15.Bxc6 bxc6 16.Bd2 c5 17.Bc3 Bb7 18.Rg1 a5 19.Nd2 Bc7 20.h4 a4 21.a3 
f6 22.f3 Ba6 23.Rg2 Re7 24.Ne4 Bb7 25.O-O-O Bxe4 26.fxe4 Rxe4 27.Rd7 Rc8 
28.g4 Bf4+ 29.Kc2 Rc7 30.Rxc7 Bxc7 31.Kd3 Rf4 32.e3 c4+ 33.Ke2 Re4 34.Kf3 
Re7 35.Rc2 Bb6 36.Bd4 Bxd4 37.exd4 Rc7 38.Ke4 h5 39.gxh5 Rb7 40.Kd5 Rb5+ 
41.Kc6 Rxh5 42.d5 Rxh4 43.d6 Kf7 44.d7 Rd4 45.Kc7 g5 46.d8=Q Rxd8 47.Kxd8 
f5 48.Kd7 f4 49.Kd6 Kf6 50.Kd5 Kf5 51.Rxc4 f3 52.Rc8 Kf4 53.Kd4 1-0

[Event "Mondariz zt 1.1"]
[Site "Mondariz"]
[Date "2000.09.06"]
[Round "4"]
[White "Hodgson, Julian M"]
[Black "Efimov, Igor"]
[Result "1-0"]
[WhiteElo "2640"]
[BlackElo "2520"]
[EventDate "2000.09.03"]
[PlyCount "59"]

1.c4 Nf6 2.Nf3 g6 3.b4 Bg7 4.Bb2 O-O 5.g3 d6 6.Bg2 e5 7.Nc3 Nc6 8.b5 Ne7 
9.O-O Be6 10.d3 h6 11.Nd2 c6 12.a4 Qd7 13.Ba3 Rfd8 14.Rb1 c5 15.e4 Nh7 16.
Nd5 f5 17.b6 a6 18.exf5 gxf5 19.Nc7 Rab8 20.f4 Bf7 21.fxe5 Bxe5 22.Nf3 Bg7
23.d4 Bxc4 24.Re1 cxd4 25.Rc1 Bf7 26.Ne6 Nc6 27.Nxg7 Kxg7 28.Nxd4 Nf6 29.
Bxc6 bxc6 30.Re7 1-0

[Event "Mondariz zt 1.1"]
[Site "Mondariz"]
[Date "2000.09.06"]
[Round "4"]
[White "Jonkman, Harmen"]
[Black "Fernando, Diogo"]
[Result "1/2-1/2"]
[WhiteElo "2424"]
[BlackElo "2257"]
[EventDate "2000.09.03"]
[PlyCount "156"]

1.e4 c5 2.c3 d6 3.d4 Nf6 4.Bd3 cxd4 5.cxd4 g6 6.Nc3 Bg7 7.Nf3 O-O 8.h3 Nc6
9.O-O e5 10.Be3 Nh5 11.dxe5 dxe5 12.Bc4 Nd4 13.Nd5 b5 14.Be2 Nxe2+ 15.Qxe2
Be6 16.Rfd1 Qb8 17.Rac1 Bxd5 18.Rxd5 a6 19.Bg5 h6 20.g4 Nf4 21.Bxf4 exf4 
22.e5 Qb7 23.Rcd1 Rae8 24.Rd7 Qc8 25.Qe4 Qc4 26.Qxc4 bxc4 27.Re1 Re6 28.
Re4 g5 29.Rxc4 Bxe5 30.b3 Bf6 31.Rcc7 Kg7 32.Ra7 Rc6 33.Kg2 Kg6 34.Nd2 Rd8
35.Nc4 Rxd7 36.Rxd7 Re6 37.Kf3 Be7 38.Rd5 f6 39.a3 h5 40.Ra5 Bd8 41.Rd5 
Be7 42.b4 Re1 43.Ra5 Rc1 44.Nd2 Rc3+ 45.Kg2 Rd3 46.Nf3 Rd6 47.a4 Bd8 48.
Rc5 Bb6 49.Rc8 Bd8 50.b5 axb5 51.axb5 hxg4 52.hxg4 Kf7 53.Rc4 Bb6 54.Rb4 
Rd1 55.Rb2 Rc1 56.Nd2 Ke6 57.Ne4 Re1 58.Kf3 Ke5 59.Nc3 f5 60.Rd2 fxg4+ 61.
Kxg4 Rg1+ 62.Kh5 Ba5 63.Rd5+ Ke6 64.Rc5 Bb4 65.Rc7 Bd6 66.b6 Bxc7 67.bxc7 
Kd7 68.Ne4 Rg2 69.Nxg5 Rxf2 70.Kg4 Rf1 71.Nf3 Kxc7 72.Kxf4 Kd6 73.Ke4 Ra1 
74.Kf4 Ra4+ 75.Kf5 Kd5 76.Ng5 Ra1 77.Kf4 Ra4+ 78.Kf5 Ra1 1/2-1/2

[Event "Mondariz zt 1.1"]
[Site "Mondariz"]
[Date "2000.09.06"]
[Round "4"]
[White "Magem Badals, Jordi"]
[Black "Moreno Carnero, Javier"]
[Result "1/2-1/2"]
[WhiteElo "2482"]
[BlackElo "2515"]
[EventDate "2000.09.03"]
[PlyCount "24"]

1.e4 c5 2.Nf3 Nc6 3.d4 cxd4 4.Nxd4 g6 5.c4 Nf6 6.Nc3 d6 7.Be2 Nxd4 8.Qxd4 
Bg7 9.O-O O-O 10.Qd3 a6 11.Bd2 Rb8 12.Rac1 Be6 1/2-1/2

[Event "Mondariz zt 1.1"]
[Site "Mondariz"]
[Date "2000.09.06"]
[Round "4"]
[White "San Segundo Carrillo, Pablo"]
[Black "Dorfman, Josif D"]
[Result "0-1"]
[WhiteElo "2500"]
[BlackElo "2600"]
[EventDate "2000.09.03"]
[PlyCount "54"]

1.d4 d5 2.c4 c6 3.Nf3 Nf6 4.Nc3 e6 5.Bg5 Nbd7 6.e3 Qa5 7.cxd5 Nxd5 8.Qd2 
Bb4 9.Rc1 h6 10.Bh4 c5 11.a3 Bxc3 12.bxc3 b6 13.Bd3 Ba6 14.O-O N5f6 15.e4 
Bxd3 16.Qxd3 cxd4 17.cxd4 O-O 18.Rc7 Rac8 19.Rfc1 Nc5 20.dxc5 Rxc7 21.Bxf6
gxf6 22.c6 Rfc8 23.Qd6 Qb5 24.Qg3+ Kh7 25.Nd4 Qg5 26.Qc3 e5 27.Nf3 Qf4 0-1

[Event "Mondariz zt 1.1"]
[Site "Mondariz"]
[Date "2000.09.06"]
[Round "4"]
[White "Tiviakov, Sergei"]
[Black "Degraeve, Jean Marc"]
[Result "1/2-1/2"]
[WhiteElo "2608"]
[BlackElo "2540"]
[EventDate "2000.09.03"]
[PlyCount "53"]

1.e4 e5 2.Nf3 Nf6 3.d4 Nxe4 4.Bd3 d5 5.Nxe5 Nd7 6.Nxd7 Bxd7 7.O-O Bd6 8.c4
c6 9.cxd5 cxd5 10.Qh5 O-O 11.Qxd5 Bc6 12.Qh5 g6 13.Qh3 Ng5 14.Qh6 Be7 15.
Be3 Ne6 16.Nc3 Bf6 17.Rfd1 Bxd4 18.Bxd4 Nxd4 19.Be4 Qf6 20.Bxc6 Nxc6 21.
Rd7 Rab8 22.h3 Rfd8 23.Rad1 Rxd7 24.Rxd7 Re8 25.Qd2 Rd8 26.Nd5 Qe6 27.
Rxd8+ 1/2-1/2

[Event "Mondariz zt 1.1"]
[Site "Mondariz"]
[Date "2000.09.07"]
[Round "5"]
[White "Conquest, Stuart"]
[Black "Magem Badals, Jordi"]
[Result "1/2-1/2"]
[WhiteElo "2529"]
[BlackElo "2482"]
[EventDate "2000.09.03"]
[PlyCount "123"]

1.c4 c5 2.Nc3 Nf6 3.g3 d5 4.cxd5 Nxd5 5.Bg2 Nc7 6.b3 e5 7.Ba3 Be7 8.Rc1 
Nba6 9.Nf3 f6 10.O-O O-O 11.e3 Be6 12.Qe2 Re8 13.Rfd1 Bf7 14.Nh4 Rb8 15.
Qg4 Be6 16.Nf5 Bf8 17.Nh6+ Kh8 18.Qxe6 Nxe6 19.Nf7+ Kg8 20.Nxd8 Rexd8 21.
f4 exf4 22.gxf4 f5 23.Kf2 b5 24.Ne2 Rb6 25.Ng1 g5 26.fxg5 Nxg5 27.Nf3 Ne4+
28.Ke2 Bg7 29.Rc2 Re8 30.Rg1 f4 31.Bh3 fxe3 32.dxe3 Kh8 33.Bf5 Nc3+ 34.Kf2
b4 35.Bc1 Nc7 36.e4 Ne6 37.Kf1 Nd4 38.Nxd4 Bxd4 39.Rg4 Ra6 40.Bg5 Rf8 41.
Ke1 Rxa2 42.Rxa2 Nxa2 43.Kd2 a5 44.Rh4 Rf7 45.Rh6 Nc3 46.Re6 Rf8 47.Re7 
Bg7 48.Kd3 a4 49.bxa4 Nxa4 50.Kc4 h6 51.Be3 Nb2+ 52.Kxc5 Rb8 53.Kd5 Na4 
54.Bf4 Rd8+ 55.Kc4 Rd4+ 56.Kb5 Nc3+ 57.Ka5 Bf6 58.Rh7+ Kg8 59.Rxh6 b3 60.
Be6+ Kg7 61.Bxb3 Rxe4 62.Rh7+ 1/2-1/2

[Event "Mondariz zt 1.1"]
[Site "Mondariz"]
[Date "2000.09.07"]
[Round "5"]
[White "Emms, John M"]
[Black "De la Riva Aguado, Oscar"]
[Result "1/2-1/2"]
[WhiteElo "2527"]
[BlackElo "2462"]
[EventDate "2000.09.03"]
[PlyCount "32"]

1.e4 c5 2.Nf3 Nc6 3.d4 cxd4 4.Nxd4 e6 5.Nxc6 bxc6 6.Bd3 Nf6 7.O-O d5 8.Qe2
Be7 9.Nd2 O-O 10.c4 a5 11.Rd1 Ba6 12.b3 a4 13.Bb2 Qb6 14.Rab1 axb3 15.axb3
Rfd8 16.h3 Bb7 1/2-1/2

[Event "Mondariz zt 1.1"]
[Site "Mondariz"]
[Date "2000.09.07"]
[Round "5"]
[White "Fernando, Diogo"]
[Black "San Segundo Carrillo, Pablo"]
[Result "0-1"]
[WhiteElo "2257"]
[BlackElo "2500"]
[EventDate "2000.09.03"]
[PlyCount "64"]

1.e4 c5 2.Nf3 d6 3.d4 Nf6 4.Nc3 cxd4 5.Nxd4 a6 6.Bc4 e6 7.Bb3 Nbd7 8.f4 
Nc5 9.Qf3 b5 10.f5 Bd7 11.Bg5 Be7 12.fxe6 fxe6 13.e5 dxe5 14.Nc6 Bxc6 15.
Qxc6+ Kf7 16.Be3 Qc8 17.Qf3 Nxb3 18.axb3 Rf8 19.O-O-O Kg8 20.Kb1 a5 21.Qe2
a4 22.Qxb5 axb3 23.cxb3 Ra6 24.Bg5 Qa8 25.Na4 Rb8 26.Qd3 e4 27.Qe3 Qb7 28.
Bxf6 Bxf6 29.Nc5 Qa7 30.Rhf1 Ra1+ 31.Kc2 Rxd1 32.Rxd1 Be7 0-1

[Event "Mondariz zt 1.1"]
[Site "Mondariz"]
[Date "2000.09.07"]
[Round "5"]
[White "Grant, Jonathan"]
[Black "Plaskett, Jim"]
[Result "1/2-1/2"]
[WhiteElo "2208"]
[BlackElo "2525"]
[EventDate "2000.09.03"]
[PlyCount "97"]

1.c4 b6 2.d4 Bb7 3.d5 e6 4.a3 g6 5.g3 Bg7 6.Bg2 Nf6 7.Nc3 O-O 8.Nh3 exd5 
9.cxd5 c5 10.O-O d6 11.e4 Re8 12.Bg5 h6 13.Bf4 a6 14.a4 Qe7 15.Re1 Nbd7 
16.Bd2 Ne5 17.f3 Nd3 18.Re3 Nb4 19.Nf2 Nd7 20.Re1 Qf8 21.Rb1 Ne5 22.Bc1 f5
23.f4 Nd7 24.Be3 Nf6 25.a5 bxa5 26.Qd2 fxe4 27.Nfxe4 Nxe4 28.Nxe4 Bxd5 29.
Nf6+ Qxf6 30.Bxd5+ Nxd5 31.Qxd5+ Qe6 32.Qc6 Rec8 33.Qb6 Rab8 34.Qxa5 Qc4 
35.Qd2 d5 36.f5 gxf5 37.b3 Qg4 38.Qxd5+ Kh8 39.Bf4 Rd8 40.Qc6 Rb4 41.Bxh6 
Qd4+ 42.Be3 Qd5 43.Qxc5 Qxc5 44.Bxc5 Rb5 45.Be7 Rdb8 46.Bd6 R8b6 47.Rbd1 
Rxb3 48.Be5 Bxe5 49.Rxe5 1/2-1/2

[Event "Mondariz zt 1.1"]
[Site "Mondariz"]
[Date "2000.09.07"]
[Round "5"]
[White "Moreno Carnero, Javier"]
[Black "Jonkman, Harmen"]
[Result "1-0"]
[WhiteElo "2515"]
[BlackElo "2424"]
[EventDate "2000.09.03"]
[PlyCount "93"]

1.c4 e6 2.g3 d5 3.Bg2 c6 4.Nf3 Nf6 5.O-O Be7 6.b3 O-O 7.Bb2 a5 8.Nc3 b6 9.
Qc2 Ba6 10.d3 Nbd7 11.e4 Rc8 12.Rfe1 dxe4 13.dxe4 e5 14.Nd1 Bb4 15.Re2 Re8
16.Ne3 Qc7 17.Rd1 a4 18.bxa4 Ra8 19.Nf5 Bb7 20.N3h4 Nf8 21.a3 Bc5 22.Red2 
Ng6 23.Nf3 Bf8 24.Nd6 Bxd6 25.Rxd6 c5 26.Ne1 Bc6 27.R1d2 Bxa4 28.Qc1 Nd7 
29.Nc2 Nb8 30.Ne3 Nf8 31.f4 f6 32.fxe5 fxe5 33.Bh3 Nc6 34.R6d3 Nd4 35.Nd5 
Qa7 36.Rf2 Bd7 37.Bxd7 Nxd7 38.Qg5 Nc6 39.Rdf3 Rf8 40.Qg4 Rxf3 41.Qe6+ Kh8
42.Rxf3 Qb7 43.Rf7 Nf8 44.Qf5 Qc8 45.Qh5 Kg8 46.Rc7 Qe6 47.Rxc6 1-0

[Event "Mondariz zt 1.1"]
[Site "Mondariz"]
[Date "2000.09.07"]
[Round "5"]
[White "Reinaldo Castineira, Roi"]
[Black "Norris, Alan J"]
[Result "0-1"]
[WhiteElo "2416"]
[BlackElo "2299"]
[EventDate "2000.09.03"]
[PlyCount "58"]

1.e4 c5 2.Nf3 d6 3.d4 cxd4 4.Nxd4 Nf6 5.Nc3 Nc6 6.Bg5 e6 7.Qd2 Be7 8.O-O-O
O-O 9.f3 Nxd4 10.Qxd4 Qa5 11.Be3 e5 12.Qd2 Be6 13.Kb1 Rfd8 14.g4 Rac8 15.
g5 Rxc3 16.Qxc3 Qxa2+ 17.Kc1 d5 18.gxf6 d4 19.Qd3 Bb4 20.c3 Bxc3 21.Qxc3 
Qa1+ 22.Kc2 Qa4+ 23.b3 Qa2+ 24.Kc1 Rc8 25.Qxc8+ Bxc8 26.Bg5 h6 27.Bd2 Be6 
28.Bc4 Bxc4 29.bxc4 d3 0-1

[Event "Mondariz zt 1.1"]
[Site "Mondariz"]
[Date "2000.09.07"]
[Round "5"]
[White "Reinderman, Dimitri"]
[Black "Arlandi, Ennio"]
[Result "1-0"]
[WhiteElo "2551"]
[BlackElo "2437"]
[EventDate "2000.09.03"]
[PlyCount "57"]

1.e4 c5 2.Nf3 e6 3.d4 cxd4 4.Nxd4 Nf6 5.Nc3 d6 6.Be2 a6 7.O-O Be7 8.a4 Nc6
9.Be3 O-O 10.f4 Qc7 11.Kh1 Re8 12.a5 Nxa5 13.e5 Nd5 14.Nxe6 Bxe6 15.Nxd5 
Bxd5 16.Qxd5 Nc6 17.Bc4 dxe5 18.Qxf7+ Kh8 19.Bd3 Qd6 20.Bxh7 Kxh7 21.Rf3 
Bh4 22.Rh3 Qf6 23.Qh5+ Qh6 24.Qg4 Kg8 25.Rxh4 Qf6 26.f5 e4 27.Rf1 Ne5 28.
Qh5 Rac8 29.Bg5 1-0

[Event "Mondariz zt 1.1"]
[Site "Mondariz"]
[Date "2000.09.07"]
[Round "5"]
[White "Ryan, Joseph"]
[Black "McMahon, Daire"]
[Result "1-0"]
[WhiteElo "2291"]
[BlackElo "2246"]
[EventDate "2000.09.03"]
[PlyCount "59"]

1.d4 Nf6 2.Nf3 d5 3.c4 dxc4 4.e3 Bg4 5.Bxc4 e6 6.h3 Bh5 7.Qb3 Bxf3 8.gxf3 
Nc6 9.Qxb7 Nb4 10.Bb5+ c6 11.Bxc6+ Nxc6 12.Qxc6+ Nd7 13.Nc3 Rb8 14.f4 Bb4 
15.Bd2 O-O 16.Qf3 Nb6 17.a3 Bxc3 18.Bxc3 Na4 19.Bb4 Re8 20.b3 Nb2 21.Qe2 
a5 22.Qxb2 Qd5 23.O-O axb4 24.f3 bxa3 25.Rxa3 Rb4 26.Kg2 Reb8 27.Rc1 h5 
28.Rc5 Rxb3 29.Rxb3 Rxb3 30.Qc2 1-0

[Event "Mondariz zt 1.1"]
[Site "Mondariz"]
[Date "2000.09.08"]
[Round "6"]
[White "David, Alberto"]
[Black "Emms, John M"]
[Result "1/2-1/2"]
[WhiteElo "2487"]
[BlackElo "2527"]
[EventDate "2000.09.03"]
[PlyCount "35"]

1.e4 e5 2.Nf3 Nc6 3.Bb5 a6 4.Bxc6 dxc6 5.O-O Bd6 6.d4 exd4 7.Qxd4 f6 8.Be3
Ne7 9.Nbd2 Be6 10.Qc3 O-O 11.Nc4 Bxc4 12.Qxc4+ Kh8 13.Rad1 Qd7 14.Bf4 Ng6 
15.Bg3 Rfe8 16.Rfe1 Rad8 17.Qb3 b5 18.Qc3 1/2-1/2

[Event "Mondariz zt 1.1"]
[Site "Mondariz"]
[Date "2000.09.08"]
[Round "6"]
[White "Efimov, Igor"]
[Black "Reinaldo Castineira, Roi"]
[Result "1/2-1/2"]
[WhiteElo "2520"]
[BlackElo "2416"]
[EventDate "2000.09.03"]
[PlyCount "160"]

1.d4 e6 2.g3 Nf6 3.Bg2 c5 4.Nf3 Nc6 5.c4 cxd4 6.Nxd4 Bc5 7.Nb3 Be7 8.Nc3 
O-O 9.O-O d6 10.e4 a6 11.Qe2 Qc7 12.f4 Rb8 13.Be3 Na5 14.Nd2 b5 15.cxb5 
axb5 16.Rac1 Qd7 17.e5 dxe5 18.fxe5 Nd5 19.Nxd5 exd5 20.Nf3 b4 21.b3 Qe6 
22.Qd2 Nc6 23.Ng5 Bxg5 24.Bxg5 Rb5 25.Rfd1 Nxe5 26.Bxd5 Qf5 27.Bf4 Be6 28.
Bg2 h5 29.Qe2 Ra5 30.Rd4 Re8 31.Rf1 Ng4 32.Bd6 Qg5 33.Qd2 Qxd2 34.Rxd2 Ne3
35.Rff2 Nxg2 36.Kxg2 Bd5+ 37.Kf1 Bb7 38.Bxb4 Ba6+ 39.Kg2 Bb7+ 40.Kg1 Rb5 
41.Rd4 Rbe5 42.Rd7 Bd5 43.Bc3 Be6 44.Bxe5 Bxd7 45.Bc3 Re3 46.Bd2 Rd3 47.
Kf1 f6 48.Ke2 Rd5 49.Bc3 Bb5+ 50.Ke1 h4 51.gxh4 Rd3 52.Rc2 Rh3 53.Ba5 Rxh4
54.Bc7 Rd4 55.Bg3 Bd7 56.Ke2 Kf7 57.Ke3 Rd5 58.a4 g5 59.Be1 f5 60.a5 Bb5 
61.b4 Ke6 62.Ra2 Ba6 63.Kf2 f4 64.Rc2 Bb5 65.Rc8 Re5 66.a6 Re2+ 67.Kf3 Ra2
68.Rc5 Bxa6 69.Rxg5 Bb7+ 70.Kxf4 Rxh2 71.Ke3 Kd7 72.b5 Rh7 73.Kd4 Bf3 74.
Rg3 Be2 75.b6 Kc6 76.Rg6+ Kb7 77.Bg3 Bf1 78.Be5 Re7 79.Rg1 Ba6 80.Bc7 Rh7 
1/2-1/2

[Event "Mondariz zt 1.1"]
[Site "Mondariz"]
[Date "2000.09.08"]
[Round "6"]
[White "Godena, Michele"]
[Black "Parker, Jonathan"]
[Result "1/2-1/2"]
[WhiteElo "2485"]
[BlackElo "2539"]
[EventDate "2000.09.03"]
[PlyCount "42"]

1.e4 e5 2.Nf3 Nc6 3.d4 exd4 4.Nxd4 Nf6 5.Nxc6 bxc6 6.Bd3 d5 7.exd5 cxd5 8.
Bb5+ Bd7 9.Bxd7+ Qxd7 10.O-O Be7 11.c4 dxc4 12.Qc2 O-O 13.Nd2 c3 14.Qxc3 
Nd5 15.Qc2 Rfd8 16.Nf3 c5 17.Bg5 Nb4 18.Qe4 Bxg5 19.Nxg5 Qd3 20.b3 Rac8 
21.Qf4 Qg6 1/2-1/2

[Event "Mondariz zt 1.1"]
[Site "Mondariz"]
[Date "2000.09.08"]
[Round "6"]
[White "Hauchard, Arnaud"]
[Black "Reinderman, Dimitri"]
[Result "1/2-1/2"]
[WhiteElo "2539"]
[BlackElo "2551"]
[EventDate "2000.09.03"]
[PlyCount "88"]

1.d4 f5 2.g3 Nf6 3.Bg2 g6 4.c3 Bg7 5.Qb3 d5 6.Nh3 O-O 7.Nf4 e6 8.Nd2 Qe7 
9.O-O c6 10.c4 Rd8 11.Nf3 Ne4 12.Qc2 Nd7 13.b3 g5 14.Nd3 dxc4 15.bxc4 c5 
16.Ba3 b6 17.Rab1 Ba6 18.Rfc1 Rac8 19.Qa4 Bb7 20.dxc5 Ndxc5 21.Qxa7 Ra8 
22.Bxc5 Nxc5 23.Qxb6 Nxd3 24.exd3 Bxf3 25.Bxf3 Rxa2 26.Re1 Bd4 27.Rxe6 Qf8
28.Qc6 Rxf2 29.Kh1 Kh8 30.Rbe1 Rc8 31.Re8 Rf1+ 32.Rxf1 Qxe8 33.Qd5 Qe5 34.
Qxe5+ Bxe5 35.Bb7 Rf8 36.Be4 f4 37.Kg2 Rb8 38.Rf2 Kg7 39.gxf4 Bxf4 40.Ra2 
h5 41.h3 Be3 42.Kf3 Bd4 43.Ra5 Rf8+ 44.Rf5 Rf6 1/2-1/2

[Event "Mondariz zt 1.1"]
[Site "Mondariz"]
[Date "2000.09.08"]
[Round "6"]
[White "Hodgson, Julian M"]
[Black "Galego, Luis"]
[Result "1-0"]
[WhiteElo "2640"]
[BlackElo "2419"]
[EventDate "2000.09.03"]
[PlyCount "61"]

1.c4 c5 2.g3 g6 3.Bg2 Bg7 4.Nc3 Nh6 5.h4 Nc6 6.d3 d6 7.h5 Bg4 8.Bd2 gxh5 
9.a3 Nf5 10.b4 h4 11.gxh4 Bf6 12.Rb1 cxb4 13.Nd5 Bxh4 14.Nf3 Bxf3 15.Bxf3 
e6 16.Nxb4 Nfd4 17.Be4 Qf6 18.Be3 Rg8 19.Nxc6 bxc6 20.Bxd4 Qxd4 21.Bxc6+ 
Ke7 22.Bxa8 Bxf2+ 23.Kd2 Be3+ 24.Kc2 d5 25.Rb7+ Kd6 26.Qb1 Rxa8 27.Qb4+ 
Ke5 28.Rxf7 h6 29.Qe7 Qg4 30.d4+ Bxd4 31.Rh5+ 1-0

[Event "Mondariz zt 1.1"]
[Site "Mondariz"]
[Date "2000.09.08"]
[Round "6"]
[White "Jonkman, Harmen"]
[Black "Grant, Jonathan"]
[Result "1-0"]
[WhiteElo "2424"]
[BlackElo "2208"]
[EventDate "2000.09.03"]
[PlyCount "125"]

1.e4 c6 2.d4 d5 3.Nd2 dxe4 4.Nxe4 Bf5 5.Ng3 Bg6 6.h4 h6 7.Nf3 Nd7 8.h5 Bh7
9.Bd3 Bxd3 10.Qxd3 e6 11.Bf4 Ngf6 12.O-O-O Be7 13.Ne4 Nxe4 14.Qxe4 Nf6 15.
Qe2 Qd5 16.c4 Qe4 17.Qd2 b5 18.Rde1 Qh7 19.c5 Nd5 20.Be5 a5 21.Qc2 Qxc2+ 
22.Kxc2 Bf6 23.Nd2 Nb4+ 24.Kb1 Nd3 25.Re2 Bxe5 26.dxe5 Rd8 27.Nb3 a4 28.
Na5 Rd5 29.Rd1 Kd7 30.Nb7 Rb8 31.Nd6 Ke7 32.f4 Nxf4 33.Rf1 Rd1+ 34.Rxd1 
Nxe2 35.g4 f6 36.Rf1 Rf8 37.Kc2 fxe5 38.Rxf8 Kxf8 39.Kd2 Nf4 40.Ke3 Ke7 
41.Ke4 Kf6 42.Ne8+ Kg5 43.Nxg7 Kxg4 44.Kxe5 Nd3+ 45.Kd6 Nxb2 46.Kxc6 b4 
47.Nxe6 Nc4 48.Nd4 Na5+ 49.Kb6 Nc4+ 50.Kb5 b3 51.Nxb3 axb3 52.axb3 Ne5 53.
c6 Nf7 54.Kc5 Nd8 55.c7 Ne6+ 56.Kd6 Nxc7 57.Kxc7 Kxh5 58.b4 Kg4 59.b5 h5 
60.b6 h4 61.b7 h3 62.b8=Q Kg3 63.Qa8 1-0

[Event "Mondariz zt 1.1"]
[Site "Mondariz"]
[Date "2000.09.08"]
[Round "6"]
[White "Magem Badals, Jordi"]
[Black "Comas Fabrego, Luis"]
[Result "1/2-1/2"]
[WhiteElo "2482"]
[BlackElo "2516"]
[EventDate "2000.09.03"]
[PlyCount "24"]

1.e4 c5 2.c3 e6 3.d4 d5 4.exd5 exd5 5.Nf3 Nc6 6.Bb5 Bd6 7.dxc5 Bxc5 8.O-O 
Ne7 9.Nbd2 O-O 10.Nb3 Bd6 11.Be3 Bg4 12.Be2 Qc7 1/2-1/2

[Event "Mondariz zt 1.1"]
[Site "Mondariz"]
[Date "2000.09.08"]
[Round "6"]
[White "Narciso Dublan, Marc"]
[Black "Piket, Jeroen"]
[Result "1/2-1/2"]
[WhiteElo "2507"]
[BlackElo "2649"]
[EventDate "2000.09.03"]
[PlyCount "89"]

1.c4 Nf6 2.g3 c6 3.Nf3 d5 4.b3 Bg4 5.Bg2 Nbd7 6.Bb2 e6 7.O-O Bd6 8.d3 O-O 
9.Nbd2 a5 10.h3 Bh5 11.g4 Bg6 12.Nh4 Qb8 13.a3 Rd8 14.Qc2 b5 15.Nxg6 hxg6 
16.Rfc1 Ra6 17.Nf3 Qb7 18.e3 Rb8 19.Bc3 Ne8 20.cxd5 cxd5 21.b4 axb4 22.
Bxb4 Rba8 23.Qb2 Bxb4 24.Qxb4 Ra4 25.Qe7 Qa7 26.Nd4 Rxa3 27.Rxa3 Qxa3 28.
Qxa3 Rxa3 29.Rc8 Kf8 30.Nxb5 Ra1+ 31.Kh2 Ke7 32.d4 g5 33.Nc3 Nd6 34.Rc6 
Nf6 35.Rc7+ Kd8 36.Rc6 Kd7 37.Rb6 Rc1 38.Na4 Nfe4 39.Bxe4 Nxe4 40.Rb7+ Ke8
41.Kg2 Rc4 42.Nb6 Rc2 43.Rb8+ Ke7 44.Rb7+ Ke8 45.Rb8+ 1/2-1/2

[Event "Mondariz zt 1.1"]
[Site "Mondariz"]
[Date "2000.09.08"]
[Round "6"]
[White "San Segundo Carrillo, Pablo"]
[Black "Conquest, Stuart"]
[Result "1/2-1/2"]
[WhiteElo "2500"]
[BlackElo "2529"]
[EventDate "2000.09.03"]
[PlyCount "92"]

1.d4 Nf6 2.c4 e6 3.Nf3 Bb4+ 4.Nbd2 b6 5.a3 Bxd2+ 6.Qxd2 Bb7 7.e3 O-O 8.Be2
d6 9.O-O Nbd7 10.b4 Qe7 11.Bb2 Ne4 12.Qc2 f5 13.Rad1 Kh8 14.d5 e5 15.Bd3 
c6 16.Bxe4 fxe4 17.Qxe4 Nf6 18.Qh4 cxd5 19.cxd5 Rac8 20.Ng5 h6 21.Ne6 Rfe8
22.e4 Rc4 23.f3 Bxd5 24.Nf4 Bf7 25.Nd3 Rec8 26.Qf2 Kg8 27.Rd2 Be8 28.Rc1 
Qe6 29.Rxc4 Rxc4 30.Ne1 Bb5 31.Nc2 Rc6 32.Ne3 Qb3 33.h3 Kh7 34.Nf5 Qe6 35.
Qg3 g6 36.Ne3 Nh5 37.Qg4 Qxg4 38.hxg4 Nf4 39.Rc2 Rxc2 40.Nxc2 Kg7 41.g3 
Nh3+ 42.Kg2 Ng5 43.Kf2 Kf7 44.Ne3 Ke6 45.Nd5 Bc4 46.Nc3 Nf7 1/2-1/2

[Event "Mondariz zt 1.1"]
[Site "Mondariz"]
[Date "2000.09.08"]
[Round "6"]
[White "Tiviakov, Sergei"]
[Black "Nataf, Igor Alexandre"]
[Result "1-0"]
[WhiteElo "2608"]
[BlackElo "2526"]
[EventDate "2000.09.03"]
[PlyCount "79"]

1.e4 c5 2.Nf3 Nc6 3.d4 cxd4 4.Nxd4 e5 5.Nb5 d6 6.N1c3 a6 7.Na3 b5 8.Nd5 
Nge7 9.c4 Nxd5 10.cxd5 Nd4 11.Be3 Be7 12.Bd3 O-O 13.O-O Bb7 14.Qd2 f5 15.
Bxd4 exd4 16.Nc2 Qb6 17.Qf4 Rae8 18.Rae1 Qc5 19.Qf3 b4 20.Qh3 a5 21.Rc1 
Bc8 22.exf5 Qxd5 23.Nxb4 Qb7 24.Nd5 Bd8 25.Nf4 d5 26.Ne6 Bxe6 27.fxe6 g6 
28.f4 Qxb2 29.f5 Qd2 30.fxg6 Qe3+ 31.Qxe3 dxe3 32.gxh7+ Kg7 33.Rf5 d4 34.
Rcf1 Rxf5 35.Rxf5 Bf6 36.Rxa5 Rb8 37.Kf1 Kh6 38.g4 Kg7 39.Rf5 Bh4 40.g5 
1-0

[Event "Mondariz zt 1.1"]
[Site "Mondariz"]
[Date "2000.09.10"]
[Round "7"]
[White "Dorfman, Josif D"]
[Black "Hauchard, Arnaud"]
[Result "1-0"]
[WhiteElo "2600"]
[BlackElo "2539"]
[EventDate "2000.09.03"]
[PlyCount "69"]

1.d4 d5 2.c4 c6 3.e3 Nf6 4.Nc3 g6 5.Nf3 Bg7 6.Be2 O-O 7.O-O a6 8.Bd2 Bg4 
9.Qb3 Ra7 10.h3 Bxf3 11.Bxf3 e6 12.Rfd1 Nbd7 13.e4 dxe4 14.Bxe4 Qc7 15.Bf3
Raa8 16.Rac1 e5 17.d5 e4 18.Be2 c5 19.Be3 Rfe8 20.d6 Qc6 21.Qa4 Rac8 22.b4
Qxa4 23.Nxa4 cxb4 24.c5 h5 25.Rb1 a5 26.a3 bxa3 27.Rxb7 Nd5 28.Rxd5 a2 29.
Rd1 Red8 30.Bc4 a1=Q 31.Rxa1 Bxa1 32.Bg5 Rb8 33.Rxb8 Rxb8 34.c6 Rb1+ 35.
Bf1 1-0